Llwytho...
Modern economic theory /
| Prif Awdur: | |
|---|---|
| Fformat: | Printed Book |
| Iaith: | English |
| Cyhoeddwyd: |
New Delhi :
Wiley Eastern,
1990.
|
| LEADER | 00458nam a2200133Ia 4500 | ||
|---|---|---|---|
| 008 | 150624b xxu||||| |||| 00| 0 eng d | ||
| 082 | |a 330.1 | ||
| 100 | |a Mukherji, Sampat | ||
| 245 | |a Modern economic theory / |c Sampat Mukherji | ||
| 260 | |a New Delhi : |b Wiley Eastern, |c 1990. | ||
| 300 | |a 821 p. | ||
| 942 | |c TXT | ||
| 999 | |c 43813 |d 43813 | ||
| 952 | |0 0 |1 0 |4 0 |6 330_100000000000000_MUK_M_T |7 0 |9 43805 |a UL |b UL |c Ref2 |d 1998-09-01 |l 0 |o 330.1 MUK/M T |p 64447 |r 2012-10-27 |w 2012-10-27 |y TXT | ||